000 00784nam a22002297a 4500
003 OSt
005 20140506113913.0
008 140506b xxu||||| |||| 00| 0 eng d
020 _a9780470259399
050 _aHV 1569.3.Y68
_b.M363 2009
100 _aMannix, Darlene.
245 _aLife skills activities for secondary students with special needs /
_cDarlene Mannix.
250 _a2nd ed.
260 _aUSA :
_bJohn Wiley & Sons, Inc.
_cc2009.
300 _axxii. 513 p. :
_bill .;
_c28 cm.
521 _aEDUC
650 _aTeenagers with disabilities
_xUnited States
_xLife skills guides.
650 _aLife skills
_x-Study and teaching (Secondary)
_xUnited States.
650 _aLife skills
_xUnited States
_xProblems, exercises, etc.
942 _2lcc
_cBK
999 _c115806
_d115806